[Event "Cracovia Chess Festival A 2021"]
[Site "Cracow"]
[Date "2022.01.02"]
[Round "7.11"]
[White "Luberanski, Jakub"]
[Black "Niedbala, Bartlomiej"]
[Result "0-1"]
[WhiteElo "2166"]
[BlackElo "2385"]
[Annotator "ChessBase"]
[PlyCount "98"]
[EventDate "2021.12.27"]
[EventCountry "POL"]
[SourceTitle "playchess.com"]
[Source "ChessBase"]
[SourceQuality "1"]
[TimeControl "40/5400+30:1800+30"]

1. d4 {[%emt 0:00:08]} Nf6 {[%emt 0:01:46]} 2. c4 {[%emt 0:00:06]} a6 {[%emt 0:00:04]} 3. Nc3 {[%emt 0:00:25]} c5 {[%emt 0:00:50]} 4. dxc5 {[%emt 0:11:04]} e6 {[%emt 0:03:44]} 5. e4 {[%emt 0:03:34]} Nc6 {[%emt 0:05:46]} 6. Be3 {[%emt 0:07:29]} Qa5 {[%emt 0:01:15]} 7. Qa4 {[%emt 0:03:31]} Qxa4 {[%emt 0:02:14]} 8. Nxa4 {[%emt 0:01:06]} Nxe4 {[%emt 0:00:39]} 9. f3 {[%emt 0:06:53]} Nf6 {[%emt 0:00:07]} 10. O-O-O {[%emt 0:00:24]} Be7 {[%emt 0:06:07]} 11. Nb6 {[%emt 0:00:25]} Rb8 {[%emt 0:00:06]} 12. Nh3 {[%emt 0:13:51]} Bd8 {[%emt 0:01:53]} 13. Rd6 {[%emt 0:03:40]} Ke7 {[%emt 0:05:23]} 14. Rd2 {[%emt 0:19:49]} Bxb6 {[%emt 0:05:49]} 15. cxb6 {[%emt 0:01:01]} d6 {[%emt 0:00:34]} 16. Be2 {[%emt 0:00:04]} e5 {[%emt 0:01:17]} 17. Nf2 {[%emt 0:00:54]} Be6 {[%emt 0:06:51]} 18. Ne4 {[%emt 0:00:33]} Nxe4 {[%emt 0:04:24]} 19. fxe4 {[%emt 0:00:03]} Rbc8 {[%emt 0:00:44]} 20. b3 {[%emt 0:00:45]} Nb8 {[%emt 0:01:39]} 21. a4 {[%emt 0:08:31]} a5 {[%emt 0:04:18]} 22. Rhd1 {[%emt 0:01:24]} Rc6 {[%emt 0:03:25]} 23. Rd5 {[%emt 0:02:29]} Bxd5 {[%emt 0:02:36]} 24. Rxd5 {[%emt 0:00:04]} Nd7 {[%emt 0:05:42]} 25. Rxa5 {[%emt 0:00:06]} Nc5 {[%emt 0:05:31]} 26. Kc2 {[%emt 0:06:20]} Nxe4 {[%emt 0:06:26]} 27. Bf3 {[%emt 0:00:41]} f5 {[%emt 0:00:20]} 28. Ra7 {[%emt 0:00:04]} Rb8 {[%emt 0:00:11]} 29. a5 {[%emt 0:07:24]} d5 {[%emt 0:02:40]} 30. a6 {[%emt 0:00:14]} d4 {[%emt 0:00:30]} 31. Bxe4 {[%emt 0:02:14]} fxe4 {[%emt 0:00:16]} 32. Bg5+ {[%emt 0:00:07]} Kd7 {[%emt 0:00:42]} 33. axb7 {[%emt 0:00:35]} Rxb6 {[%emt 0:00:05]} 34. Ra5 {[%emt 0:00:15]} Ke6 {[%emt 0:00:25]} 35. Bh4 {[%emt 0:00:11]} R8xb7 {[%emt 0:04:03]} 36. Bg3 {[%emt 0:00:12]} Rxb3 {[%emt 0:00:45]} 37. Rxe5+ {[%emt 0:00:04]} Kf7 {[%emt 0:01:21]} 38. Rxe4 {[%emt 0:00:09]} Rc3+ {[%emt 0:00:12]} 39. Kd1 {[%emt 0:00:39]} Rb1+ {[%emt 0:01:07]} 40. Kd2 {[%emt 0:00:00]} Rb2+ {[%emt 0:00:00]} 41. Kd1 {[%emt 0:00:40]} Rxc4 {[%emt 0:01:53]} 42. Rf4+ {[%emt 0:00:12]} Kg8 {[%emt 0:01:09]} 43. Bf2 {[%emt 0:00:27]} Ra4 {[%emt 0:04:33]} 44. Kc1 {[%emt 0:00:38]} Raa2 {[%emt 0:00:21]} 45. Bxd4 {[%emt 0:00:38]} Rxg2 {[%emt 0:00:03]} 46. h4 {[%emt 0:00:04]} Rh2 {[%emt 0:01:35]} 47. Kb1 {[%emt 0:00:26]} Rae2 {[%emt 0:00:24]} 48. Rf1 {[%emt 0:01:21]} Rxh4 {[%emt 0:00:31]} 49. Bc5 {[%emt 0:02:01]} h6 {[%emt 0:00:56]} 0-1

[Event "Cracovia Chess Festival A 2021"]
[Site "Cracow"]
[Date "2022.01.02"]
[Round "7.12"]
[White "Lewtak, Damian"]
[Black "Luczak, Filip"]
[Result "1/2-1/2"]
[WhiteElo "2383"]
[BlackElo "2273"]
[Annotator "ChessBase"]
[PlyCount "49"]
[EventDate "2021.12.27"]
[EventCountry "POL"]
[SourceTitle "playchess.com"]
[Source "ChessBase"]
[SourceQuality "1"]
[TimeControl "40/5400+30:1800+30"]

1. d4 {[%emt 0:00:04]} e6 {[%emt 0:05:35]} 2. e4 {[%emt 0:00:12]} d5 {[%emt 0:00:03]} 3. exd5 {[%emt 0:00:12]} exd5 {[%emt 0:00:06]} 4. Nf3 {[%emt 0:00:05]} Nf6 {[%emt 0:02:15]} 5. c4 {[%emt 0:00:19]} Be7 {[%emt 0:03:55]} 6. Bd3 {[%emt 0:00:30]} dxc4 {[%emt 0:04:49]} 7. Bxc4 {[%emt 0:00:07]} O-O {[%emt 0:00:42]} 8. h3 {[%emt 0:04:07]} Bf5 {[%emt 0:11:01]} 9. O-O {[%emt 0:00:11]} Nbd7 {[%emt 0:01:32]} 10. Nh4 {[%emt 0:01:55]} Bg6 {[%emt 0:08:11]} 11. Nxg6 {[%emt 0:02:17]} hxg6 {[%emt 0:00:33]} 12. Nc3 {[%emt 0:00:06]} Nb6 {[%emt 0:00:06]} 13. Bb3 {[%emt 0:00:08]} c6 {[%emt 0:02:16]} 14. Qd3 {[%emt 0:02:21]} Nbd5 {[%emt 0:01:54]} 15. Bg5 {[%emt 0:00:25]} Qd7 {[%emt 0:03:18]} 16. Rad1 {[%emt 0:01:33]} Rad8 {[%emt 0:02:49]} 17. Rfe1 {[%emt 0:01:20]} Rfe8 {[%emt 0:02:45]} 18. Re5 {[%emt 0:01:25]} Nxc3 {[%emt 0:03:48]} 19. bxc3 {[%emt 0:01:23]} Nd5 {[%emt 0:00:49]} 20. Bd2 {[%emt 0:01:45]} Bd6 {[%emt 0:02:54]} 21. Ree1 {[%emt 0:01:29]} Rxe1+ {[%emt 0:02:30]} 22. Rxe1 {[%emt 0:00:07]} Re8 {[%emt 0:00:24]} 23. Rxe8+ {[%emt 0:01:39]} Qxe8 {[%emt 0:00:32]} 24. Kf1 {[%emt 0:00:40]} Kf8 {[%emt 0:04:01]} 25. g3 {[%emt 0:06:43]} 1/2-1/2

[Event "Cracovia Chess Festival A 2021"]
[Site "Cracow"]
[Date "2022.01.02"]
[Round "7.13"]
[White "Sinz, Bernhard"]
[Black "Kacprzak, Karol"]
[Result "0-1"]
[WhiteElo "2330"]
[BlackElo "2226"]
[Annotator "ChessBase"]
[PlyCount "48"]
[EventDate "2021.12.27"]
[EventCountry "POL"]
[SourceTitle "playchess.com"]
[Source "ChessBase"]
[SourceQuality "1"]
[TimeControl "40/5400+30:1800+30"]

1. e4 {[%emt 0:00:04]} c5 {[%emt 0:00:13]} 2. Nf3 {[%emt 0:00:15]} d6 {[%emt 0:00:20]} 3. d4 {[%emt 0:00:09]} cxd4 {[%emt 0:00:06]} 4. Nxd4 {[%emt 0:00:08]} Nf6 {[%emt 0:00:06]} 5. Nc3 {[%emt 0:00:11]} a6 {[%emt 0:00:06]} 6. Bg5 {[%emt 0:00:27]} e6 {[%emt 0:00:19]} 7. f4 {[%emt 0:00:23]} Be7 {[%emt 0:00:13]} 8. Qf3 {[%emt 0:00:24]} Qc7 {[%emt 0:00:11]} 9. O-O-O {[%emt 0:00:25]} Nbd7 {[%emt 0:00:13]} 10. f5 {[%emt 0:00:45]} e5 {[%emt 0:01:04]} 11. Nde2 {[%emt 0:00:20]} b5 {[%emt 0:00:42]} 12. Bxf6 {[%emt 0:00:24]} Nxf6 {[%emt 0:00:06]} 13. Nd5 {[%emt 0:00:16]} Nxd5 {[%emt 0:00:07]} 14. exd5 {[%emt 0:00:10]} b4 {[%emt 0:00:04]} 15. Ng3 {[%emt 0:05:52]} O-O {[%emt 0:00:48]} 16. Kb1 {[%emt 0:05:16]} f6 {[%emt 0:05:27]} 17. h4 {[%emt 0:21:16]} Bd7 {[%emt 0:12:02]} 18. Ne4 {[%emt 0:04:35]} a5 {[%emt 0:02:10]} 19. g4 {[%emt 0:03:26]} a4 {[%emt 0:03:32]} 20. b3 {[%emt 0:04:53]} axb3 {[%emt 0:04:42]} 21. cxb3 {[%emt 0:00:30]} Rxa2 {[%emt 0:01:36]} 22. Bc4 {[%emt 0:03:24]} Qa7 {[%emt 0:07:49]} 23. Rhf1 {[%emt 0:07:10]} Ra8 {[%emt 0:07:11]} 24. g5 {[%emt 0:06:25]} Rh2 {[%emt 0:01:03]} 0-1

[Event "Cracovia Chess Festival A 2021"]
[Site "Cracow"]
[Date "2022.01.02"]
[Round "7.14"]
[White "Karsay, Pascal"]
[Black "Vardanyan, Aras"]
[Result "1/2-1/2"]
[WhiteElo "2322"]
[BlackElo "2222"]
[Annotator "ChessBase"]
[PlyCount "58"]
[EventDate "2021.12.27"]
[EventCountry "POL"]
[SourceTitle "playchess.com"]
[Source "ChessBase"]
[SourceQuality "1"]
[TimeControl "40/5400+30:1800+30"]

1. Nf3 {[%emt 0:00:03]} d6 {[%emt 0:00:09]} 2. d4 {[%emt 0:00:11]} g6 {[%emt 0:01:13]} 3. e4 {[%emt 0:00:09]} Bg7 {[%emt 0:00:05]} 4. Bc4 {[%emt 0:00:45]} Nf6 {[%emt 0:01:43]} 5. Qe2 {[%emt 0:00:08]} c6 {[%emt 0:00:40]} 6. e5 {[%emt 0:00:39]} Nd5 {[%emt 0:00:09]} 7. h3 {[%emt 0:00:26]} O-O {[%emt 0:00:28]} 8. O-O {[%emt 0:00:09]} a5 {[%emt 0:01:55]} 9. a4 {[%emt 0:01:06]} Na6 {[%emt 0:02:37]} 10. Rd1 {[%emt 0:09:18]} Nac7 {[%emt 0:02:42]} 11. Ra3 {[%emt 0:05:07]} Qe8 {[%emt 0:05:39]} 12. Rb3 {[%emt 0:12:24]} b5 {[%emt 0:05:08]} 13. Bxd5 {[%emt 0:05:40]} Nxd5 {[%emt 0:01:34]} 14. Nc3 {[%emt 0:01:02]} b4 {[%emt 0:05:44]} 15. Nxd5 {[%emt 0:01:26]} cxd5 {[%emt 0:00:33]} 16. Bg5 {[%emt 0:05:36]} f6 {[%emt 0:11:15]} 17. exf6 {[%emt 0:05:38]} exf6 {[%emt 0:02:25]} 18. Qxe8 {[%emt 0:00:08]} Rxe8 {[%emt 0:00:07]} 19. Bf4 {[%emt 0:01:17]} Bf5 {[%emt 0:13:36]} 20. Rd2 {[%emt 0:01:28]} Bd7 {[%emt 0:01:02]} 21. Re3 {[%emt 0:02:24]} Bxa4 {[%emt 0:01:13]} 22. Rxe8+ {[%emt 0:02:14]} Rxe8 {[%emt 0:00:56]} 23. b3 {[%emt 0:00:11]} Bd7 {[%emt 0:00:23]} 24. Bxd6 {[%emt 0:00:10]} Rc8 {[%emt 0:05:09]} 25. Ne1 {[%emt 0:03:35]} Bb5 {[%emt 0:07:37]} 26. Nd3 {[%emt 0:11:51]} Bxd3 {[%emt 0:00:50]} 27. cxd3 {[%emt 0:00:10]} Bf8 {[%emt 0:10:37]} 28. Bxf8 {[%emt 0:00:39]} Kxf8 {[%emt 0:00:04]} 29. Ra2 {[%emt 0:00:08]} Rc1+ {[%emt 0:05:38]} 1/2-1/2

[Event "Cracovia Chess Festival A 2021"]
[Site "Cracow"]
[Date "2022.01.02"]
[Round "7.15"]
[White "Malek, Jan"]
[Black "Seemann, Jakub"]
[Result "1-0"]
[WhiteElo "2149"]
[BlackElo "2312"]
[Annotator "TA"]
[PlyCount "117"]
[EventDate "2021.12.27"]
[EventCountry "POL"]
[SourceTitle "playchess.com"]
[Source "ChessBase"]
[SourceQuality "1"]

{[%evp 12,117,13,21,51,58,37,45,57,38,41,36,68,28,33,27,47,27,13,0,0,-47,-47,-70,-60,-78,-72,-88,-67,-57,-56,-81,-37,-48,-51,-60,-30,-49,-47,-79,-71,-70,-68,-84,-63,-102,-52,-91,-56,-39,-47,-49,-38,-46,-17,-53,8,-34,4,-22,29,0,0,0,0,0,10,0,0,-7,0,0,0,0,0,0,0,0,0,0,3,3,76,75,74,0,0,0,0,0,0,0,10,17,563,570,906,866,2181,2103,12836,12836,12835,12831,12841,12841,12847,12847]} 1. e4 c5 2. c3 Nf6 3. e5 Nd5 4. Bc4 Nb6 5. Bb3 c4 6. Bc2 Nc6 7. Nf3 Qc7 {B22: Sicilian: 2 c3.} 8. O-O $1 Nxe5 9. Nxe5 Qxe5 {White is slightly better.} 10. a4 {[%cal Ba2a4,Ba4a5][%mdl 32]} (10. Re1 $5 {[%cal Re1e5]} Qc7 11. Na3 $11) 10... d5 11. Re1 Qc7 {[#]} 12. Qf3 $146 {Strongly threatening Na3.} ({Predecessor:} 12. Na3 a6 13. a5 Nd7 14. d3 e6 15. dxc4 dxc4 16. Qd4 Qxa5 17. Be3 Qc7 18. Nb5 {1-0 (44) Jones,G (2667)-Rowson,J (2565) London 2016}) 12... e6 13. a5 Nd7 14. Qxd5 Bd6 {[%cal Bf8d6,Bd6e5,Be5f6][%mdl 32]} 15. Na3 Ne5 16. Qd4 (16. Ba4+ $1 $11 Kf8 17. Qd4 (17. Qb5 $2 Bd7 $19)) 16... Bd7 $36 {[%mdl 2048] Black is more active.} 17. Qh4 Bc6 18. Rxe5 Bxe5 19. Nxc4 Bf6 20. Qg3 Qxg3 21. hxg3 O-O-O (21... h5 $17) 22. d4 h5 23. Bf4 Kd7 24. f3 g5 25. Be5 Ke7 26. Bxf6+ Kxf6 27. Ne5 Bb5 28. Be4 Ba6 (28... Kg7 $1 $17 29. f4 g4) 29. f4 gxf4 30. gxf4 Kg7 31. Kf2 f6 32. Nf3 Rd7 33. Ra4 Kf8 (33... Bb5 $15 34. Ra1 Bc4) 34. Nh4 (34. f5 $11) 34... Rg8 35. Bf3 Rh7 (35... f5 $142) 36. Ra1 Bc4 37. Re1 Rd7 38. f5 exf5 39. Nxf5 Rg5 40. Ne3 Be6 41. b4 Bg4 42. Bxg4 hxg4 $11 {[%mdl 4096] Endgame KRR-KRN} 43. Kg3 Re7 44. Kf4 {Prevents Re4+.} Kf7 45. Rh1 Kg6 46. Rh8 {To avoid Re8} Rh7 (46... Rh5 $11 {keeps the balance.} 47. Rxh5 Kxh5) 47. Rxh7 $16 Kxh7 {[#]} 48. Nxg4 {KR-KN} ({Better is} 48. Nf5 $1 $16) 48... Kg6 $11 49. Ne3 Rh5 50. c4 {[%cal Bc3c4,Bc4c5][%mdl 32]} Rh1 51. Ke4 Rb1 52. b5 {[%cal Bb4b5,Bb5c6,Bc6c7][%mdl 32]} Ra1 $2 {[%mdl 8192] [#] Loses the game.} (52... Kf7 $1 $11 {and Black stays safe.}) 53. c5 $1 $18 {White is clearly winning.} f5+ 54. Nxf5 {Hoping for Nd6.} Rxa5 55. Nd6 Ra1 56. c6 bxc6 57. bxc6 Rc1 58. Kd5 Kf6 59. c7 {Weighted Error Value: White=0.11 (very precise) /Black=0.28 (precise)} 1-0

[Event "Cracovia Chess Festival A 2021"]
[Site "Cracow"]
[Date "2022.01.02"]
[Round "7.16"]
[White "Georgakopoulos, Nikolaos K."]
[Black "Paszewski, Mateusz"]
[Result "1-0"]
[WhiteElo "2159"]
[BlackElo "2300"]
[Annotator "ChessBase"]
[PlyCount "65"]
[EventDate "2021.12.27"]
[EventCountry "POL"]
[SourceTitle "playchess.com"]
[Source "ChessBase"]
[SourceQuality "1"]
[TimeControl "40/5400+30:1800+30"]

1. e4 {[%emt 0:00:23]} c6 {[%emt 0:00:16]} 2. Nc3 {[%emt 0:00:05]} d5 {[%emt 0:00:04]} 3. Nf3 {[%emt 0:00:04]} dxe4 {[%emt 0:00:40]} 4. Nxe4 {[%emt 0:00:07]} Nf6 {[%emt 0:00:02]} 5. Qe2 {[%emt 0:00:10]} Nxe4 {[%emt 0:00:11]} 6. Qxe4 {[%emt 0:00:05]} Nd7 {[%emt 0:00:02]} 7. Bc4 {[%emt 0:00:08]} Nf6 {[%emt 0:00:15]} 8. Ne5 {[%emt 0:00:06]} e6 {[%emt 0:00:31]} 9. Qe2 {[%emt 0:00:05]} b5 {[%emt 0:00:27]} 10. Bd3 {[%emt 0:00:06]} Qc7 {[%emt 0:01:56]} 11. a4 {[%emt 0:19:35]} b4 {[%emt 0:00:13]} 12. b3 {[%emt 0:01:25]} Bb7 {[%emt 0:17:50]} 13. Bb2 {[%emt 0:00:10]} Be7 {[%emt 0:01:47]} 14. O-O-O {[%emt 0:05:48]} Nd5 {[%emt 0:07:27]} 15. g3 {[%emt 0:12:18]} Bf6 {[%emt 0:01:56]} 16. f4 {[%emt 0:00:07]} O-O-O {[%emt 0:13:05]} 17. Rhf1 {[%emt 0:05:03]} g6 {[%emt 0:06:25]} 18. Kb1 {[%emt 0:01:18]} h5 {[%emt 0:10:03]} 19. h3 {[%emt 0:09:55]} Kb8 {[%emt 0:03:14]} 20. a5 {[%emt 0:10:17]} Rhe8 {[%emt 0:05:22]} 21. a6 {[%emt 0:00:08]} Ba8 {[%emt 0:00:48]} 22. Be4 {[%emt 0:09:04]} Kc8 {[%emt 0:06:35]} 23. Rde1 {[%emt 0:01:10]} Re7 {[%emt 0:10:00]} 24. Bxd5 {[%emt 0:10:51]} exd5 {[%emt 0:01:43]} 25. g4 {[%emt 0:00:07]} hxg4 {[%emt 0:05:11]} 26. Qxg4+ {[%emt 0:00:09]} Kb8 {[%emt 0:01:03]} 27. Nd7+ {[%emt 0:00:14]} Rexd7 {[%emt 0:04:27]} 28. Bxf6 {[%emt 0:00:07]} c5 {[%emt 0:00:29]} 29. Bxd8 {[%emt 0:02:33]} Rxd8 {[%emt 0:00:06]} 30. f5 {[%emt 0:00:40]} c4 {[%emt 0:00:08]} 31. fxg6 {[%emt 0:01:44]} cxb3 {[%emt 0:01:09]} 32. Qxb4+ {[%emt 0:00:22]} Kc8 {[%emt 0:00:07]} 33. cxb3 {[%emt 0:00:13]} 1-0

[Event "Cracovia Chess Festival A 2021"]
[Site "Cracow"]
[Date "2022.01.02"]
[Round "7.17"]
[White "Kokoszczynski, Jan"]
[Black "Piekielny, Pawel"]
[Result "1-0"]
[WhiteElo "2273"]
[BlackElo "2104"]
[Annotator "TA"]
[PlyCount "119"]
[EventDate "2021.12.27"]
[EventCountry "POL"]
[SourceTitle "playchess.com"]
[Source "ChessBase"]
[SourceQuality "1"]

{[%evp 19,119,28,28,28,28,30,35,21,24,12,27,9,19,0,0,0,23,17,17,15,20,20,49,50,42,39,50,56,56,54,45,28,25,13,37,18,14,20,86,79,79,88,79,88,97,88,97,93,101,91,89,104,102,93,103,108,105,104,110,106,105,93,100,107,106,107,97,74,56,39,45,19,19,23,256,256,247,156,163,163,163,149,139,0,0,0,0,0,0,0,8,8,921,842,711,679,850,704,1547,897,798,764]} 1. c4 Nf6 2. Nc3 e6 {[%cal Be7e6,Be6e5][%mdl 32]} 3. e4 d5 4. e5 d4 5. exf6 dxc3 6. bxc3 Qxf6 7. d4 e5 8. Nf3 exd4 9. Bg5 Qe6+ 10. Be2 Be7 11. Bxe7 {11.Nxd4 gains popularity. A18: English Opening: Flohr-Mikenas System (1 c4 Nf6 2 Nc3 e6 3 e4).} Qxe7 12. cxd4 O-O 13. O-O {White is slightly better.} Nc6 14. Re1 Qf6 15. Rb1 b6 {[#]} 16. h3 $146 ({Predecessor:} 16. d5 Ne5 17. Nd4 Bd7 18. Qd2 Rae8 19. Bf1 Re7 20. f4 Ng6 21. Rxe7 Nxe7 {½-½ (48) Kaustuv,K (2381)-Harshavardhan,G (2119) Kathmandu 2018}) 16... Bf5 17. Rb3 {[%cal Bb1b3,Bb3e3,Be3e7,Be7c7][%mdl 32]} Be4 18. Re3 Bxf3 19. Bxf3 Rad8 20. d5 Na5 {[%cal Bc6a5,Ba5c4,Bc4d2][%mdl 32]} 21. Qa4 {[%cal Oc4c5]} Qd4 22. Re7 Qxc4 23. Qxc4 (23. Qa3 {looks sharper.} c5 24. dxc6 Nxc6 25. Rc7 Qb4 26. Qxb4 Nxb4 27. Rxa7 Rd2 28. a3) 23... Nxc4 24. Rxc7 Nd2 25. Bg4 Rxd5 26. Ree7 {[%cal Oe7f7]} (26. Rxa7 {feels hotter.} h5 27. Bd7 Nc4 28. Re7 Ra5 29. Rc7) 26... Rc5 (26... h5 $5 {[%cal Rh5g4]} 27. Be6 Nf3+ 28. gxf3 Rg5+ 29. Bg4 hxg4 $14) 27. Rxc5 (27. Be2 {is interesting.} g6 28. Rxa7 b5 29. Ra5 Rc1+ 30. Kh2) 27... bxc5 $14 {[%mdl 4096] Endgame KRB-KRN} 28. Rd7 Nc4 (28... Ne4 $11) 29. Be2 $16 {[%mdl 1024] White has strong compensation.} Ne5 30. Re7 Nc6 31. Rc7 Nd4 32. Bc4 Ne6 33. Rxa7 Rb8 34. a4 Rb4 35. Ra8+ Nf8 36. Bb5 {White is more active.} g5 37. Rc8 Kg7 38. Rxc5 Ne6 39. Rd5 Kf6 40. Bd7 Nf4 41. Rd2 Rb1+ 42. Kh2 Ra1 {Prevents Ra2.} 43. Bb5 h5 44. Rd7 h4 45. Ra7 Ra2 46. Rxf7+ Kg6 $2 (46... Ke5 $1 $11) 47. Be8 $18 {Threatens to win with Rxf4+.} Kh6 48. Rf6+ Kg7 {[#]} 49. Rf5 Kh6 50. a5 Rxf2 {[#]} 51. a6 (51. Bc6 $1 $16) 51... Rxg2+ $11 52. Kh1 Ra2 53. Rf6+ Kg7 54. Rf7+ Kg8 55. a7 Ne6 {[%mdl 8192] To avoid Rc7} (55... Ra1+ $11 56. Kh2 Ra2+ 57. Kg1 Nxh3+ 58. Kf1 Ra1+ 59. Ke2 Nf4+ 60. Kd2 g4) 56. Rb7 $18 {Hoping for Bf7+. White is clearly winning.} Kf8 57. Bg6 {Bb1 is the strong threat.} Nd8 58. Rc7 {aiming for Be4.} Ra4 {[#] Prevents Be4.} 59. Be4 $1 {[%mdl 512]} Ne6 (59... Ra1+ 60. Kg2) 60. Rc8+ {Weighted Error Value: White=0.10 (very precise) /Black=0.19 (very precise)} 1-0

[Event "Cracovia Chess Festival A 2021"]
[Site "Cracow"]
[Date "2022.01.02"]
[Round "7.18"]
[White "Meurs, Tom"]
[Black "Mis, Mieszko"]
[Result "1/2-1/2"]
[WhiteElo "2208"]
[BlackElo "2417"]
[Annotator "TA"]
[PlyCount "102"]
[EventDate "2021.12.27"]
[EventCountry "POL"]
[SourceTitle "playchess.com"]
[Source "ChessBase"]
[SourceQuality "1"]

{[%evp 9,102,45,40,47,49,45,49,21,32,29,41,27,43,45,55,46,43,0,51,53,56,55,87,93,95,100,120,98,96,95,108,20,233,23,15,-146,64,0,45,-20,-7,-10,0,-57,-57,-64,-44,-62,-66,-88,-89,-96,-35,-35,-33,-33,-33,-33,-7,-43,-45,-43,-10,-50,-50,-59,-54,-101,-97,-166,-164,-148,-54,-63,-58,-50,-13,-21,-17,-17,-17,-17,-17,-45,-45,-45,-45,-45,-45,-50,-39,-50,-50,-50,-50]} 1. e4 c6 2. Nc3 d5 3. Nf3 a6 4. d4 Bg4 5. h3 Bxf3 6. Qxf3 {[%cal Re4d5] B11: Caro-Kann: Two Knights Variation.} e6 7. Bd3 Nf6 8. e5 {White is slightly better.} Nfd7 9. Ne2 $1 c5 10. c3 Nc6 11. O-O Be7 12. Qg3 g6 {[#]} 13. Bh6 $146 (13. Be3 $14 {should be considered.}) ({Predecessor:} 13. Be3 Qc7 14. Rac1 c4 15. Bc2 b5 16. f4 O-O-O 17. a4 b4 18. b3 cxb3 19. Bxb3 {0-1 (37) Vargyas,Z (2154)-Torok,A (2212) Hungary 2000}) 13... Bf8 ({Better is} 13... Qb6 $1 $11) 14. Be3 $36 {[%mdl 2048] White has the initiative.} Qb6 15. b3 Rc8 16. Rac1 Be7 17. h4 Kd8 18. Rfd1 cxd4 19. cxd4 Kc7 20. Nc3 (20. Qf3 $16 Rhf8 21. Bh6) 20... Qa5 $2 {[#]} (20... Kb8 $11 {and Black has nothing to worry.}) 21. Bd2 $2 ({White has to play} 21. Nxd5+ $1 $18 {[%mdl 512]} exd5 22. e6+ Bd6 23. Bf4 fxe6 24. Bxd6+ Kb6 25. b4) 21... Kb8 $1 $11 22. a3 $2 (22. Ne2 $11 Bb4 23. Bh6) 22... Qd8 $2 ({Much less strong is} 22... Bxa3 23. Ra1 $16) ({Black should try} 22... Nxd4 $17 23. b4 Qxa3) 23. Nxd5 {White is more active.} (23. b4 $1 $14) 23... Bxa3 {[#]} (23... exd5 $11 24. e6+ Ka8 25. exd7 Qxd7) 24. Rc4 exd5 25. e6+ Rc7 26. Rxc6 bxc6 $15 27. exd7 Qxd7 28. Bf4 {Prevents Bd6. b4 is the strong threat. A strong pair of Bishops.} a5 29. Ra1 Bb4 30. Rc1 Rd8 (30... Kb7 $17 {White must now prevent ...Rcc8.} 31. Bxc7 Qxc7) 31. Bxc7+ Qxc7 32. Rxc6 $1 {[%mdl 64] Pin} Qxg3 33. fxg3 {[%mdl 4096] Endgame KRB-KRB} Re8 34. Rf6 Re3 {[%csl LRd3,LRg3]} 35. Rf3 Re1+ 36. Rf1 Kc7 37. Kf2 Re8 38. Kf3 (38. Rc1+ $15 Kd6 39. g4) 38... Bd2 {Hoping for ...Re3+.} 39. Kg4 (39. Kf2 $17) 39... f5+ $19 40. Kh3 Re3 ({Black should play} 40... h5 $17 {Strongly threatening ...Kb6.} 41. Rf2 {[#]} Re1 $1) 41. Rf3 $15 Re1 {[%cal Re1h1]} 42. Rf1 {To avoid Rh1+} Re7 43. g4 fxg4+ 44. Kxg4 Be3 45. Re1 Kd6 46. Kf3 Bxd4 {Black is slightly better.} 47. Rxe7 Kxe7 48. h5 gxh5 49. Bxh7 Kd6 50. Ke2 Kc5 51. Bg8 Bh8 {Weighted Error Value: White=0.30/Black=0.28 (precise)} 1/2-1/2

[Event "Cracovia Chess Festival A 2021"]
[Site "Cracow"]
[Date "2022.01.02"]
[Round "7.20"]
[White "Raczynski, Krzysztof"]
[Black "Suder, Jakub"]
[Result "1/2-1/2"]
[WhiteElo "2194"]
[BlackElo "2349"]
[Annotator "ChessBase"]
[PlyCount "62"]
[EventDate "2021.12.27"]
[EventCountry "POL"]
[SourceTitle "playchess.com"]
[Source "ChessBase"]
[SourceQuality "1"]
[TimeControl "40/5400+30:1800+30"]

1. e4 {[%emt 0:00:05]} c5 {[%emt 0:00:03]} 2. Nf3 {[%emt 0:00:21]} Nc6 {[%emt 0:00:05]} 3. d4 {[%emt 0:02:48]} cxd4 {[%emt 0:00:05]} 4. Nxd4 {[%emt 0:00:04]} e5 {[%emt 0:00:10]} 5. Nb5 {[%emt 0:00:56]} d6 {[%emt 0:00:07]} 6. c4 {[%emt 0:02:04]} Be7 {[%emt 0:00:09]} 7. N1c3 {[%emt 0:01:57]} a6 {[%emt 0:00:08]} 8. Na3 {[%emt 0:00:16]} f5 {[%emt 0:00:07]} 9. exf5 {[%emt 0:02:04]} Bxf5 {[%emt 0:00:06]} 10. Bd3 {[%emt 0:00:18]} Be6 {[%emt 0:00:08]} 11. O-O {[%emt 0:02:06]} Nf6 {[%emt 0:00:16]} 12. Nc2 {[%emt 0:01:42]} O-O {[%emt 0:00:19]} 13. Nd5 {[%emt 0:14:21]} Kh8 {[%emt 0:04:27]} 14. Nce3 {[%emt 0:02:49]} Nd4 {[%emt 0:05:14]} 15. b3 {[%emt 0:02:45]} Rc8 {[%emt 0:09:53]} 16. Bb2 {[%emt 0:04:00]} Nxd5 {[%emt 0:04:27]} 17. Nxd5 {[%emt 0:02:14]} Bxd5 {[%emt 0:01:57]} 18. cxd5 {[%emt 0:00:07]} Qe8 {[%emt 0:01:51]} 19. Be4 {[%emt 0:16:46]} Bd8 {[%emt 0:06:31]} 20. Qg4 {[%emt 0:03:09]} Bb6 {[%emt 0:02:34]} 21. g3 {[%emt 0:00:45]} g6 {[%emt 0:18:21]} 22. Rac1 {[%emt 0:05:41]} Nf5 {[%emt 0:04:12]} 23. Bxf5 {[%emt 0:03:43]} Rxf5 {[%emt 0:02:32]} 24. Qe2 {[%emt 0:07:16]} Rxc1 {[%emt 0:02:05]} 25. Bxc1 {[%emt 0:00:08]} Qf7 {[%emt 0:01:03]} 26. g4 {[%emt 0:03:39]} Rf3 {[%emt 0:03:35]} 27. Be3 {[%emt 0:02:45]} Bxe3 {[%emt 0:02:36]} 28. fxe3 {[%emt 0:00:17]} Rxf1+ {[%emt 0:00:54]} 29. Qxf1 {[%emt 0:00:06]} Kg7 {[%emt 0:00:39]} 30. Qxf7+ {[%emt 0:01:29]} Kxf7 {[%emt 0:00:07]} 31. e4 {[%emt 0:00:38]} Ke7 {[%emt 0:00:47]} 1/2-1/2